Miesto bankového úveru pri financovaní malých a stredných podnikov diplomová práca

Saved in:
Bibliographic Details
Main Author: Holubová, Patrícia
Corporate Author: Národohospodárska fakulta EU. Katedra bankovníctva a medzinárodných financií
Other Authors: Makúch, Jozef, 1953-
Format: Book
Language:Slovak
Published: Bratislava 2023
Tags: Add Tag
No Tags, Be the first to tag this record!

MARC

LEADER 00000nbm a2200000 4500
001 0292974
005 20231027140332.1
041 0 |a slo 
044 |a SK 
245 1 0 |a Miesto bankového úveru pri financovaní malých a stredných podnikov  |b diplomová práca  |c Patrícia Holubová ; školiteľ: Jozef Makúch 
264 1 |a Bratislava  |c 2023 
300 |a 66 s. 
100 1 |a Holubová, Patrícia 
700 1 |a Makúch, Jozef, 1953- 
710 2 |a Národohospodárska fakulta EU. Katedra bankovníctva a medzinárodných financií